000 01187nam a2200325Ia 4500
001 55714
003 BJBSDDR
005 20241125145924.0
007 ta
008 060324s2003 bl b 001 0 por
020 _a9788574750767
020 _a857475076X
035 _a(OCoLC)ocm65196244
035 _a(OCoLC)65196244
040 _aWNE
_cWNE
_beng
041 _apor
050 1 4 _aPQ 9697
_bM149c 2003
100 1 _aMachado de Assis, Joaquím María,
_d1839-1908
_917207
245 1 0 _aCorrespondência /
_cMachado de Assis & Joaquim Nabuco ; Organização, introdução e notas Graça Aranha ; Prefacio a 3a edição José Murilo de Carvalho.
250 _a3e edition
260 _aRio de Janeiro :
_bAcademia brasileira de letras :
_bTopbooks,
_c2003.
300 _a254-[16] pages de fotos) :
_bill., couv. ill. en coul. ;
_c23 cm.
600 1 4 _aMachado de Assis,
_d1839-1908
_vCorrespondencia
_939576
600 1 4 _aNabuco, Joaquim,
_d1849-1910
_vCorrespondencia
_939579
650 4 _aCartas brasileñas
_939575
700 1 _aAranha, Graça,
_d1868-1931
_939577
700 1 _aMurilo de Carvalho, José,
_d1939-2023
_939578
942 _2lcc
_cBK
946 _aclperez
999 _c42998
_d42998